| Tag |
First Indicator |
Second Indicator |
Subfields |
| LEADER |
00000cam a2200000 4500 |
| 001 |
in00000041584 |
| 005 |
20151007074627.0 |
| 008 |
760429s1890 enk 00110 eng |
| 010 |
|
|
|a 02018504
|
| 035 |
|
|
|a (OCoLC)02146299
|
| 035 |
|
|
|9 AAF1834AM
|
| 040 |
|
|
|a DLC
|c CWR
|d TXA
|d UtOrBLW
|
| 041 |
0 |
|
|a eng
|a roa
|
| 049 |
|
|
|a TXAM
|c [234993]
|
| 050 |
0 |
0 |
|a S433
|b .H5
|
| 092 |
|
|
|a 630.942
|b H514w
|
| 100 |
1 |
|
|a Henley, Walter de,
|d active 13th century.
|
| 245 |
1 |
0 |
|a Walter of Henley's Husbandry :
|b together with an anonymous Husbandry, Seneschaucie, and Robert Grosseteste's Rules /
|c The transcripts, translations, and glossary by Elizabeth Lamond. With an introduction by W. Cunningham.
|
| 264 |
|
1 |
|a London,
|a New York :
|b Longmans, Green, and co.,
|c 1890.
|
| 300 |
|
|
|a xliv, 171 pages ;
|c 26 x 19 cm.
|
| 336 |
|
|
|a text
|b txt
|2 rdacontent
|
| 337 |
|
|
|a unmediated
|b n
|2 rdamedia
|
| 338 |
|
|
|a volume
|b nc
|2 rdacarrier
|
| 500 |
|
|
|a The Anglo-Norman originals with the English translations on opposite page.
|
| 500 |
|
|
|a Published under the auspices of the Royal historical society.
|
| 505 |
0 |
|
|a Introduction.- Le dite de hosebondrie [par] Walter de Henley.-Translation of Walter of Henley's Husbandry, attributed to Robert Grosseteste.-Hosebonderie (author unknown)- Seneschaucie (author unknown)- Les reules Seynt Roberd [par] Robert Grosseteste.- Glossarial index.
|
| 650 |
|
0 |
|a Agriculture
|z England
|x History.
|
| 700 |
1 |
|
|a Lamond, Elizabeth.
|
| 700 |
1 |
|
|a Cunningham, W.
|q (William),
|d 1849-1919.
|
| 700 |
1 |
|
|a Grosseteste, Robert,
|d 1175?-1253.
|
| 999 |
|
|
|a MARS
|
| 999 |
f |
f |
|s 4b227aec-808e-3db9-b063-f7915e46120d
|i f7542bd7-4cee-344f-8882-434cc13bd51f
|t 0
|
| 952 |
f |
f |
|p ric
|a Texas A&M University
|b Rellis Campus
|c Joint Library Facility
|d Remote Storage
|t 0
|e S433 .H5
|h Library of Congress classification
|i unmediated -- volume
|m A14801057544
|
| 998 |
f |
f |
|a S433 .H5
|t 0
|l Remote Storage
|